|
|
|
|
| LEADER |
00595cam a2200169ua 4500 |
| 020 |
|
|
|a 81-7488-510-2
|
| 082 |
|
|
|a 155.4
|b KAU/C
|
| 100 |
|
|
|a Kaushik,Vijayakumari
|
| 245 |
0 |
0 |
|a Child Psychology: growth and development
|
| 260 |
|
|
|a New Delhi
|b S.D.Institute of rural technology Science and Culture
|c 1997
|
| 300 |
|
|
|a 285p.
|
| 490 |
0 |
|
|a Encyclopeadia of Educational learning and teaching technology
|
| 650 |
|
|
|a Child Psychology
|
| 650 |
0 |
|
|a Psychology
|
| 942 |
|
|
|c BK
|
| 999 |
|
|
|c 9455
|d 9455
|
| 952 |
|
|
|0 0
|1 0
|4 0
|6 155_400000000000000_KAUC
|7 0
|9 9856
|a KUCL
|b KUCL
|d 2014-05-23
|l 0
|o 155.4 KAU/C
|p 02790
|r 2014-05-23
|y BK
|